00207nam a2200097Ia 4500008004100000041000800041100001700049245002600066260000900092300000800101240521s1999 xx 000 0 und d aeng aNARAYAN R.K. aTHE BACHELOR OF ARTS. c1999 a166